| 000 | 01551nam a2200361Ic 4500 | ||
|---|---|---|---|
| 001 | 59836 | ||
| 003 | CO-BoRNBP | ||
| 005 | 20251106222403.0 | ||
| 007 | ta | ||
| 008 | 210901s20142016mx a erf 000 0 spa d | ||
| 020 | _a9786071718259 | ||
| 040 |
_aCO-BoRNBP _bspa _erda _cCO-BoRNBP |
||
| 041 | _aspa | ||
| 082 | 0 | 4 |
_a635.04 _bM15 _222 |
| 245 | 1 | 0 |
_aManual básico de horticultura : _buna guía paso a paso / _ccoordinación de Shanti Lesur. |
| 250 | _aPrimera edición | ||
| 264 | 1 |
_aMéxico : _bEditorial Trillas, _c2016 |
|
| 300 |
_a95 páginas : _bilustraciones y fotografías a color |
||
| 336 |
_atexto _btxt _2rdacontent |
||
| 337 |
_asin mediación _bn _2rdamedia |
||
| 338 |
_avolumen _bnc _2rdacarrier |
||
| 490 | 0 | _aColección como hacer bien y fácilmente | |
| 505 | 0 | _aSuelo -- Abonos y fertilizantes -- Riego y drenaje -- Planeación de la hortaliza -- Siembra -- Cuidados y cultivo -- Control de plagas y enfermedades -- Familia de hortalizas -- Hortalizas | |
| 521 | _aRecomendado para un público adulto | ||
| 650 | 0 | 7 |
_aCultivos alimenticios _vManuales, vademécum, etc _2lemb _966840 |
| 650 | 0 | 7 |
_aHortalizas _xCultivo _vManuales, vademécum, etc _2lemb _966841 |
| 650 | 0 | 7 |
_aHorticultura _vManuales, vademécum, etc _2LEMB _966842 |
| 650 | 0 | 7 |
_aHorticultura _xControl de plagas _vManuales, vademécum, etc _2LEMB _966843 |
| 650 | 0 | 7 |
_aHorticultura _xEnfermedades y plagas _vManuales, vademécum, etc _2LEMB _966844 |
| 650 | 0 | 7 |
_aHuertas _vManuales, vademécum, etc _2lemb _966845 |
| 700 |
_aLesur, Shanti _etdc _966824 |
||
| 942 |
_2ddc _cBK |
||
| 999 |
_c59836 _d59836 |
||